Handbook of Transnational Crime and Justice (Registro nro. 71064)
[ vista simple ]
| 000 -ENCABEZADO | |
|---|---|
| Número de control [NR] | 00888nam a2200229Ia 4500 |
| 008 - DE LONGITUD FIJA DE DATOS DE ELEMENTOS - INFORMACIÓN GENERAL | |
| Elementos de longitud fija [NR] | 130821s2005 xxuab gr eng |
| 020 ## - NUMERO INTERNACIONAL NORMALIZADO PARA LIBROS [R] | |
| Número Internacional Normalizado del libro [NR] | 9781412927567 |
| 040 ## - FUENTE DE CATALOGACION [NR] | |
| Agencia de catalogación original [NR] | Co-BoUCM |
| Idioma de catalogación [NR] | spa |
| 041 00 - CODIGO DE IDIOMA [R] | |
| Código de idioma para texto/pista de sonido o título separado [R] | Inglés |
| 245 00 - MENCION DE TITULO [NR] | |
| Título [NR] | Handbook of Transnational Crime and Justice |
| Mención de responsabilidad, etc. [NR] | Philip Reichel, editór |
| 260 ## - PUBLICACION, DISTRIBUCION, ETC. (PIE DE IMPRENTA) [R] | |
| Lugar de publicación, distribución, etc. [R] | Thousand Oaks (California, Estados Unidos) |
| Nombre del editor, distribuidor, etc. [R] | Sage publications |
| Fecha de publicación, distribución, etc. [R] | 2005 |
| 300 ## - DESCRIPCION FISICA [R] | |
| Extensión [R] | xv, 512 páginas |
| Otros detalles físicos [NR] | ilustraciones, mapas, cuadros |
| 504 ## - NOTA DE BIBLIOGRAFIA, ETC. [R] | |
| Nota de bibliografía, etc. [NR] | |
| 650 04 - ASIENTO SECUNDARIO DE MATERIA - TERMINO TEMATICO [R] | |
| Término temático o nombre geográfico como elemento de entrada [NR] | Administración de justicia penal |
| Subdivisión general [R] | Cooperación internacional |
| 9 (RLIN) | 102331 |
| 650 04 - ASIENTO SECUNDARIO DE MATERIA - TERMINO TEMATICO [R] | |
| Término temático o nombre geográfico como elemento de entrada [NR] | Crimen organizado |
| 9 (RLIN) | 12141 |
| 650 04 - ASIENTO SECUNDARIO DE MATERIA - TERMINO TEMATICO [R] | |
| Término temático o nombre geográfico como elemento de entrada [NR] | Delitos internacionales |
| 9 (RLIN) | 7489 |
| 650 04 - ASIENTO SECUNDARIO DE MATERIA - TERMINO TEMATICO [R] | |
| Término temático o nombre geográfico como elemento de entrada [NR] | Derecho internacional |
| 9 (RLIN) | 12776 |
| 650 04 - ASIENTO SECUNDARIO DE MATERIA - TERMINO TEMATICO [R] | |
| Término temático o nombre geográfico como elemento de entrada [NR] | Problemas sociales |
| 9 (RLIN) | 22324 |
| 700 1# - ASIENTO SECUNDARIO - NOMBRE PERSONAL [R] | |
| Nombre personal [NR] | Reichel, Philip |
| Término de relación [R] | |
| 9 (RLIN) | 167851 |
| 942 ## - ELEMENTOS DE ENTRADA AGREGADOS (KOHA) | |
| Tipo de ítem principal el descrito en 300a | Libro |
| Tema principal | Sociología |
| Edición | 1 |
| Parte restante de la signatura top. | H236 |
| Sistema de clasificación | DEWEY |
| Clasificación | 364.135 |
| Fecha de último préstamo | Total préstamos | Total Renewals | Signatura topográfica | Código de barras | Última vez visto | Ejemplar | Price effective from | Tipo de ítem | Nota pública (OPAC) | Perdido | Sistema de clasificación | Dañado | No prestable | Tipo de ítem específico | Suprimido | Ubicación habitual | Ubicación actual | Localización | Fecha de creación | Forma de adquisición | Costo |
|---|---|---|---|---|---|---|---|---|---|---|---|---|---|---|---|---|---|---|---|---|---|
| 22/08/2017 | 8 | 4 | 364.135 H236 | 100112045 | 04/12/2025 | Ej.1 | 03/02/2013 | Libro | Spot Criminología e Investigación Criminal | DEWEY | Libro | Claustro | Claustro | 3er piso | 28/02/2013 | Compra | 97600.00 |